[Event "Titled Tuesday intern op 26th Jul Early"]
[Site "Chess.com INT"]
[Date "2022.07.26"]
[Round "1"]
[White "Marrero Lopez, Yaniet"]
[Black "Espinosa Veloz, Ermes"]
[Result "0-1"]
[WhiteElo "2139"]
[BlackElo "2496"]
[PlyCount "56"]
[EventDate "2022.07.26"]
[EventType "swiss (blitz)"]
[EventRounds "11"]
[EventCountry "USA"]
[SourceTitle "EXT 2023"]
[Source "ChessBase"]
[SourceDate "2022.10.05"]
[SourceVersion "1"]
[SourceVersionDate "2022.10.05"]
[SourceQuality "1"]

1. e4 e5 2. Nf3 Nc6 3. Bc4 Nf6 4. d3 Be7 5. c3 0-0 6. a4 d5 7. exd5 Nxd5 8. 0-0 Bg4 9. h3 Bh5 10. Re1 Kh8 11. Nbd2 Nf4 12. Nf1 Bd6 13. Ng3 Bg6 14. a5 a6 15. Be3 f5 16. Qc2 Nxh3+ 17. gxh3 f4 18. Bxf4 Rxf4 19. Kg2 Qd7 20. h4 Rxc4 21. h5 Nb4 22. Qb3 Nxd3 23. Qxc4 Nf4+ 24. Kg1 Bd3 25. Nxe5 Bxe5 26. Qa4 Qh3 27. Qxf4 Bxf4 28. Rad1 Bxg3 0-1

[Event "Titled Tuesday intern op 26th Jul Early"]
[Site "Chess.com INT"]
[Date "2022.07.26"]
[Round "6"]
[White "Shvedova, Alexandra"]
[Black "Marrero Lopez, Yaniet"]
[Result "1-0"]
[WhiteElo "2106"]
[BlackElo "2139"]
[PlyCount "73"]
[EventDate "2022.07.26"]
[EventType "swiss (blitz)"]
[EventRounds "11"]
[EventCountry "USA"]
[SourceTitle "EXT 2023"]
[Source "ChessBase"]
[SourceDate "2022.10.05"]
[SourceVersion "1"]
[SourceVersionDate "2022.10.05"]
[SourceQuality "1"]

1. d4 Nf6 2. c4 e6 3. Nf3 Bb4+ 4. Bd2 Qe7 5. g3 b6 6. Bg2 Bb7 7. 0-0 0-0 8. Nc3 Bxc3 9. Bxc3 d6 10. Nd2 Bxg2 11. Kxg2 Nbd7 12. Qc2 e5 13. d5 a5 14. e4 Nc5 15. b3 Qd7 16. a3 Qg4 17. f3 Qg6 18. b4 axb4 19. axb4 Ncd7 20. Ra4 Nh5 21. Kf2 b5 22. cxb5 Nb6 23. Ra6 Nxd5 24. Rxa8 Rxa8 25. Bb2 Nxb4 26. Qc4 c5 27. bxc6 Na6 28. Ra1 Qg5 29. Bc3 Nc7 30. Rxa8+ Nxa8 31. c7 Nxc7 32. Qxc7 h6 33. Qxd6 Kh7 34. Bxe5 f6 35. Bc3 Qb5 36. Qd5 Qb6+ 37. Kg2 1-0

[Event "Holguin (Women)"]
[Site "Holguin"]
[Date "2019.02.08"]
[Round "10"]
[White "Ramon Pita, Vivian"]
[Black "Marrero Lopez, Yaniet"]
[Result "0-1"]
[WhiteElo "2165"]
[BlackElo "2232"]
[PlyCount "66"]
[EventDate "2019.01.29"]
[EventType "tourn"]
[EventRounds "11"]
[EventCountry "CUB"]
[SourceTitle "CBM 189 Extra"]
[Source "ChessBase"]
[SourceDate "2019.06.03"]
[SourceVersion "1"]
[SourceVersionDate "2019.06.03"]
[SourceQuality "1"]

1. Nf3 Nf6 2. b3 c5 3. Bb2 g6 4. g3 Bg7 5. Bg2 0-0 6. 0-0 d5 7. c4 d4 8. e3 Nc6 9. exd4 cxd4 10. d3 a5 11. Re1 Bf5 12. Na3 Nd7 13. Nb5 Nc5 14. Bf1 e5 15. a4 Qd7 16. Ba3 b6 17. Bxc5 bxc5 18. Nh4 Be6 19. Ng2 f5 20. f4 e4 21. dxe4 fxe4 22. Rxe4 Bf5 23. Re1 d3 24. Ra2 Nb4 25. Rd2 Nc2 26. Bxd3 Nxe1 27. Nxe1 Rad8 28. Qf3 Rfe8 29. Re2 Bg4 30. Rxe8+ Rxe8 31. Qf2 Rxe1+ 32. Qxe1 Qxd3 33. Qxa5 Qe3+ 0-1

[Event "Holguin (Women)"]
[Site "Holguin"]
[Date "2019.02.02"]
[Round "5"]
[White "Marrero Lopez, Yaniet"]
[Black "Forgas Moreno, Yaniela"]
[Result "0-1"]
[WhiteElo "2232"]
[BlackElo "2222"]
[PlyCount "126"]
[EventDate "2019.01.29"]
[EventType "tourn"]
[EventRounds "11"]
[EventCountry "CUB"]
[SourceTitle "CBM 189 Extra"]
[Source "ChessBase"]
[SourceDate "2019.06.03"]
[SourceVersion "1"]
[SourceVersionDate "2019.06.03"]
[SourceQuality "1"]

1. e4 c5 2. Nf3 d6 3. Bb5+ Nd7 4. a4 Ngf6 5. Nc3 e6 6. a5 a6 7. Be2 Be7 8. 0-0 Qc7 9. d4 0-0 10. d5 exd5 11. Nxd5 Nxd5 12. Qxd5 Nf6 13. Qd3 Bd7 14. Bf4 Bc6 15. Nd2 Rfe8 16. Bf3 Nd7 17. Qb3 Ne5 18. Be2 Bf6 19. Bg3 Rad8 20. f4 Ng6 21. Bf3 Nh4 22. e5 Nxf3+ 23. Nxf3 Be7 24. Ng5 Bxg5 25. exd6 Rxd6 26. fxg5 Rd2 27. Rf2 Qd7 28. Qc3 Ree2 29. Rxe2 Rxe2 30. Bf2 Qg4 31. Qg3 Qxg3 32. hxg3 Rxc2 33. Rd1 Kf8 34. b3 Ke7 35. g4 Ke6 36. Re1+ Kd6 37. Bg3+ Kd7 38. Rd1+ Ke7 39. Re1+ Kf8 40. Bd6+ Kg8 41. g3 f6 42. gxf6 gxf6 43. Re7 Rd2 44. Bf4 Ra2 45. Bc7 Ra3 46. g5 fxg5 47. Re5 h6 48. Rxc5 Rxb3 49. Rf5 Kg7 50. Be5+ Kg6 51. Rf6+ Kh5 52. Kf2 Ra3 53. Bc7 Ra1 54. g4+ Kxg4 55. Rxh6 Ra2+ 56. Ke3 Ra3+ 57. Ke2 Bb5+ 58. Kf2 Rc3 59. Rh7 Bd3 60. Rg7 Rc2+ 61. Kg1 Kh3 62. Re7 Rc1+ 63. Kf2 Rf1+ 0-1

[Event "Holguin (Women)"]
[Site "Holguin"]
[Date "2019.01.30"]
[Round "2"]
[White "Marrero Lopez, Yaniet"]
[Black "Obregon Garcia, Roxangel"]
[Result "1/2-1/2"]
[WhiteElo "2232"]
[BlackElo "2127"]
[PlyCount "61"]
[EventDate "2019.01.29"]
[EventType "tourn"]
[EventRounds "11"]
[EventCountry "CUB"]
[SourceTitle "CBM 189 Extra"]
[Source "ChessBase"]
[SourceDate "2019.06.03"]
[SourceVersion "1"]
[SourceVersionDate "2019.06.03"]
[SourceQuality "1"]

1. e4 e5 2. Nf3 Nc6 3. Bb5 a6 4. Ba4 Nf6 5. 0-0 Nxe4 6. d4 b5 7. Bb3 d5 8. dxe5 Be6 9. Qe2 Be7 10. Rd1 0-0 11. c4 bxc4 12. Bxc4 Bc5 13. Be3 Bxe3 14. Qxe3 Qb8 15. Bb3 Na5 16. Nbd2 Nxd2 17. Rxd2 Nxb3 18. axb3 Rc8 19. Rc1 Qb4 20. Rdc2 c5 21. Rxc5 Rxc5 22. Qxc5 Qxb3 23. Qc6 Rd8 24. Nd4 Qxb2 25. Nxe6 fxe6 26. Qxe6+ Kh8 27. Qc8 Rg8 28. e6 h6 29. Qc6 Rf8 30. Rf1 Qe5 31. Qxa6 1/2-1/2

[Event "American Continental (Women) 11th"]
[Site "Envigado"]
[Date "2018.11.23"]
[Round "8"]
[White "Marrero Lopez, Yaniet"]
[Black "Perez Rodriguez, Jennifer"]
[Result "0-1"]
[WhiteElo "2253"]
[BlackElo "2203"]
[PlyCount "140"]
[EventDate "2018.11.17"]
[EventType "swiss"]
[EventRounds "9"]
[EventCountry "COL"]
[SourceTitle "CBM 187 Extra"]
[Source "ChessBase"]
[SourceDate "2018.11.04"]
[SourceVersion "1"]
[SourceVersionDate "2018.11.04"]
[SourceQuality "1"]

1. e4 e5 2. Nf3 Nc6 3. Bb5 a6 4. Ba4 Nf6 5. 0-0 Be7 6. Re1 b5 7. Bb3 d6 8. c3 0-0 9. d4 Bg4 10. d5 Na5 11. Bc2 Qc8 12. h3 Bd7 13. Nbd2 c6 14. dxc6 Qxc6 15. Nf1 Rfc8 16. Ng3 Bd8 17. Re3 g6 18. Rd3 Nb7 19. Bh6 Be7 20. Qe1 Nc5 21. Rd2 Ne6 22. Rad1 a5 23. a3 b4 24. axb4 axb4 25. cxb4 Qb6 26. Bb3 Qxb4 27. Bd5 Nxd5 28. exd5 Ng7 29. Ne4 Rc4 30. Nc3 Nf5 31. Bg5 f6 32. Be3 Kg7 33. Ra1 Rcc8 34. Rxa8 Rxa8 35. Kh2 Bd8 36. g4 Ne7 37. Ng1 Ra5 38. Qd1 Be8 39. Nge2 Bf7 40. Nc1 Qc4 41. Nb3 Ra8 42. Nc1 Ba5 43. N1a2 Rb8 44. f3 Nxd5 45. Nxd5 Bxd2 46. Nb6 Qxa2 47. Qxd2 d5 48. Bc5 g5 49. Kg3 Be6 50. h4 gxh4+ 51. Kxh4 Qb3 52. Qf2 d4 53. f4 Rxb6 54. fxe5 Bxg4 55. Kxg4 f5+ 56. Kf4 Rg6 57. Bxd4 Qd3 58. e6+ Kg8 59. Ke5 Qe4+ 60. Kd6 Qxe6+ 61. Kc5 Qc6+ 62. Kb4 Rg4 63. Qe3 Qe4 64. Qxe4 Rxe4 65. Kc3 Kf7 66. b4 Ke6 67. Bf2 Kd5 68. b5 h5 69. Kd3 h4 70. b6 Ke5 0-1

[Event "American Continental (Women) 11th"]
[Site "Envigado"]
[Date "2018.11.19"]
[Round "4"]
[White "Marrero Lopez, Yaniet"]
[Black "Munoz Monroy, Cinthya Carolina"]
[Result "1-0"]
[WhiteElo "2253"]
[BlackElo "2032"]
[PlyCount "61"]
[EventDate "2018.11.17"]
[EventType "swiss"]
[EventRounds "9"]
[EventCountry "COL"]
[SourceTitle "CBM 187 Extra"]
[Source "ChessBase"]
[SourceDate "2018.11.04"]
[SourceVersion "1"]
[SourceVersionDate "2018.11.04"]
[SourceQuality "1"]

1. e4 e6 2. d4 d5 3. e5 c5 4. c3 Nc6 5. Nf3 Bd7 6. a3 f6 7. Bd3 cxd4 8. cxd4 Qb6 9. 0-0 f5 10. Bc2 Nge7 11. Nc3 Ng6 12. h4 Be7 13. Bxf5 exf5 14. Nxd5 Qa5 15. Ne3 0-0-0 16. b4 Qa6 17. Qb3 Kb8 18. Bb2 Qb5 19. d5 Na5 20. Qa2 f4 21. Nd4 Qa6 22. Nef5 Bxf5 23. Nxf5 Nc4 24. h5 Ngxe5 25. Nxe7 Nxb2 26. Qxb2 Qf6 27. Qc3 Qxe7 28. Rfe1 Rxd5 29. Re4 Qg5 30. Rae1 Re8 31. Qh3 1-0

[Event "Capablanca Memorial op 53rd"]
[Site "Havana"]
[Date "2018.05.12"]
[Round "4"]
[White "Nieto Rego, Ana"]
[Black "Marrero Lopez, Yaniet"]
[Result "0-1"]
[WhiteElo "1903"]
[BlackElo "2262"]
[PlyCount "168"]
[EventDate "2018.05.09"]
[EventType "swiss"]
[EventRounds "10"]
[EventCountry "CUB"]
[SourceTitle "EXT 2021"]
[Source "ChessBase"]
[SourceDate "2020.10.23"]
[SourceVersion "1"]
[SourceVersionDate "2020.10.23"]
[SourceQuality "1"]

1. e4 e5 2. Nf3 Nc6 3. Bb5 a6 4. Ba4 Nf6 5. 0-0 Be7 6. Re1 b5 7. Bb3 d6 8. a4 Bg4 9. c3 0-0 10. d3 Na5 11. Bc2 c5 12. h3 Bh5 13. Nbd2 b4 14. Nf1 Rb8 15. Ne3 Re8 16. Nf5 Bf8 17. Bg5 h6 18. Bh4 Re6 19. Kh1 Qd7 20. g4 Bg6 21. d4 b3 22. Bd3 exd4 23. cxd4 c4 24. d5 Ree8 25. Bxf6 gxf6 26. Qd2 Qd8 27. Bf1 Qb6 28. N3d4 Qb4 29. Qe3 Rbc8 30. Ne2 Bxf5 31. gxf5 Kh7 32. Nc3 Be7 33. Be2 Bd8 34. Bh5 Qb7 35. Qf4 Qe7 36. Rg1 Bb6 37. Qh4 Rg8 38. Rg4 Rxg4 39. Bxg4 Bd4 40. Qg3 Bxc3 41. Qxc3 Qxe4+ 42. Bf3 Qf4 43. Re1 Rg8 44. Re7 Rg7 45. Bg4 Qg5 46. Qxa5 h5 47. f3 hxg4 48. fxg4 Qh4 49. Kg2 Qg5 50. Kh1 Qf4 51. Qe1 Qf3+ 52. Kh2 Qf4+ 53. Kh1 Qg5 54. Rc7 Qh6 55. Kg2 Qg5 56. Rxc4 Qxf5 57. Qe4 Qxe4+ 58. Rxe4 f5 59. Rb4 fxg4 60. hxg4 Rg5 61. Rxb3 Rxg4+ 62. Kf3 Rxa4 63. Rb7 Kg7 64. Rb6 Kf6 65. Rxd6+ Ke5 66. Rd8 Rb4 67. d6 Rb3+ 68. Kg4 f5+ 69. Kh4 Ke6 70. d7 Rb6 71. Kg5 Rd6 72. Rb8 Rxd7 73. Rb6+ Ke5 74. Rxa6 Rg7+ 75. Kh4 f4 76. Ra8 f3 77. Rf8 Ke4 78. Re8+ Kf4 79. Rf8+ Ke3 80. Re8+ Kf2 81. Kh3 Rh7+ 82. Kg4 Kg2 83. Re3 Rg7+ 84. Kf4 f2 0-1

[Event "Capablanca Memorial op 53rd"]
[Site "Havana"]
[Date "2018.05.11"]
[Round "3"]
[White "Marrero Lopez, Yaniet"]
[Black "Martinez Ramirez, Lennis"]
[Result "0-1"]
[WhiteElo "2262"]
[BlackElo "2393"]
[PlyCount "78"]
[EventDate "2018.05.09"]
[EventType "swiss"]
[EventRounds "10"]
[EventCountry "CUB"]
[SourceTitle "EXT 2019"]
[Source "ChessBase"]
[SourceDate "2018.10.10"]
[SourceVersion "1"]
[SourceVersionDate "2018.10.10"]
[SourceQuality "1"]

1. e4 e6 2. d4 d5 3. e5 c5 4. c3 Qb6 5. Nf3 Nc6 6. a3 f6 7. Bd3 fxe5 8. Nxe5 Nf6 9. 0-0 cxd4 10. cxd4 Bd6 11. Nxc6 bxc6 12. Nc3 0-0 13. Ne2 c5 14. h3 cxd4 15. Nxd4 Bc5 16. Nc2 e5 17. b4 Bd6 18. Bg5 Be6 19. Ne3 e4 20. Bc2 Bc7 21. Bb3 Rad8 22. Rc1 Qd6 23. g3 Bb6 24. Kg2 Qd7 25. g4 h5 26. Ba4 Qf7 27. Nf5 hxg4 28. hxg4 Nxg4 29. Qxg4 Bxf5 30. Qh4 Rd6 31. Rc3 e3 32. f3 Be4 33. Bd1 Rg6 34. Be2 Qe7 35. fxe4 Rxg5+ 36. Kh3 Rxf1 37. Bxf1 Qe6+ 38. Kh2 Qe5+ 39. Kh3 Rh5 0-1

[Event "Las Vegas National op"]
[Site "Las Vegas"]
[Date "2017.06.16"]
[Round "2"]
[White "Gordievsky, Dmitry"]
[Black "Marrero Lopez, Yaniet"]
[Result "1-0"]
[WhiteElo "2613"]
[BlackElo "2242"]
[PlyCount "51"]
[EventDate "2017.06.16"]
[EventType "swiss"]
[EventRounds "6"]
[EventCountry "USA"]
[SourceTitle "CBM 178 Extra"]
[Source "ChessBase"]
[SourceDate "2017.06.22"]
[SourceVersion "1"]
[SourceVersionDate "2017.06.22"]
[SourceQuality "1"]

1. Nf3 Nf6 2. g3 b5 3. d3 d5 4. Bg2 Bb7 5. 0-0 e6 6. c4 dxc4 7. dxc4 Qxd1 8. Rxd1 b4 9. Bf4 Nbd7 10. Bxc7 Rc8 11. Bf4 Bxf3 12. Bxf3 e5 13. Be3 Rxc4 14. Nd2 Rc7 15. Rac1 Rxc1 16. Rxc1 Nb6 17. Rc7 Nfd5 18. Bxd5 Nxd5 19. Rxa7 Nxe3 20. fxe3 h5 21. Nc4 Rh6 22. Ra8+ Ke7 23. Nxe5 Re6 24. Nd3 Rb6 25. Nf4 Rb5 26. e4 1-0

[Event "Sao Paulo op-A 6th"]
[Site "Sao Paulo"]
[Date "2017.04.16"]
[Round "5"]
[White "Marrero Lopez, Yaniet"]
[Black "Noseda, Francesco"]
[Result "1-0"]
[WhiteElo "2265"]
[BlackElo "1927"]
[PlyCount "57"]
[EventDate "2017.04.14"]
[EventType "swiss"]
[EventRounds "6"]
[EventCountry "BRA"]
[SourceTitle "CBM 178 Extra"]
[Source "ChessBase"]
[SourceDate "2017.06.22"]
[SourceVersion "1"]
[SourceVersionDate "2017.06.22"]
[SourceQuality "1"]

1. e4 c5 2. Nf3 d6 3. d4 cxd4 4. Nxd4 Nf6 5. Nc3 Nc6 6. Bc4 Qb6 7. Nde2 e6 8. 0-0 Be7 9. a3 0-0 10. Be3 Qc7 11. Ng3 a6 12. f4 b5 13. Ba2 Bd7 14. Qe2 Rac8 15. Rae1 Na5 16. Bc1 Qc5+ 17. Kh1 Nc4 18. e5 Nd5 19. Nce4 Qc7 20. b3 Ncb6 21. exd6 Bxd6 22. c4 bxc4 23. bxc4 Ne7 24. Rd1 Bc5 25. Nxc5 Qxc5 26. Be3 Qxa3 27. Bxb6 Ba4 28. Rd3 Qb4 29. Rb1 1-0

[Event "Pan American-ch (Women)"]
[Site "Manzanillo"]
[Date "2016.11.07"]
[Round "2"]
[White "Marrero Lopez, Yaniet"]
[Black "Cori Tello, Deysi Estella"]
[Result "0-1"]
[WhiteElo "2249"]
[BlackElo "2399"]
[PlyCount "122"]
[EventDate "2016.11.06"]
[EventType "swiss"]
[EventRounds "9"]
[EventCountry "MEX"]
[SourceTitle "EXT 2024"]
[Source "ChessBase"]
[SourceDate "2023.10.10"]
[SourceVersion "1"]
[SourceVersionDate "2023.10.10"]
[SourceQuality "1"]

1. e4 e5 2. Nf3 Nf6 3. Nxe5 d6 4. Nf3 Nxe4 5. Nc3 Nxc3 6. dxc3 Be7 7. Be3 Nd7 8. Qd2 Nf6 9. h3 c6 10. c4 0-0 11. Bd3 d5 12. 0-0 Ne4 13. Qd1 Nc5 14. Be2 Na4 15. Rb1 dxc4 16. Qxd8 Rxd8 17. Bxc4 Nb6 18. Bb3 Nd5 19. Bg5 Bxg5 20. Nxg5 h6 21. Nf3 Nf4 22. Rfe1 Be6 23. Rbd1 a5 24. Nd4 Bd5 25. Bxd5 Rxd5 26. c4 Rg5 27. g3 Nxh3+ 28. Kf1 Rd8 29. Ne2 Rxd1 30. Rxd1 Rf5 31. f4 Ng5 32. Rd8+ Kh7 33. Rd7 Ne4 34. Rxb7 Nd2+ 35. Kf2 Nxc4 36. Nd4 Rf6 37. b3 Nd6 38. Ra7 g5 39. Kf3 c5 40. Ne2 Re6 41. g4 h5 42. gxh5 g4+ 43. Kf2 Ne4+ 44. Kg2 Kh6 45. Rxa5 Rd6 46. Ra8 Rd2 47. Kf1 g3 48. Rh8+ Kg7 49. Re8 Rxe2 50. Kxe2 g2 51. Rxe4 g1Q 52. Ra4 Qc1 53. Kd3 f5 54. Rc4 Qd1+ 55. Ke3 Kh6 56. Ra4 Kxh5 57. Rc4 Kg4 58. Ra4 Qc2 59. Ra7 Qc3+ 60. Ke2 Kxf4 61. Ra4+ Kg3 0-1

[Event "Capablanca Memorial op 51st"]
[Site "Varadero"]
[Date "2016.06.09"]
[Round "1"]
[White "Coto Mederos, Michel"]
[Black "Marrero Lopez, Yaniet"]
[Result "1/2-1/2"]
[WhiteElo "2367"]
[BlackElo "2277"]
[PlyCount "51"]
[EventDate "2016.06.09"]
[EventType "swiss"]
[EventRounds "10"]
[EventCountry "CUB"]
[SourceTitle "EXT 2017"]
[Source "ChessBase"]
[SourceDate "2016.10.25"]
[SourceVersion "1"]
[SourceVersionDate "2016.10.25"]
[SourceQuality "1"]

1. d4 Nf6 2. c4 e6 3. Nc3 Bb4 4. Qc2 0-0 5. a3 Bxc3+ 6. Qxc3 Ne4 7. Qc2 f5 8. e3 b6 9. Bd3 Bb7 10. Nf3 d6 11. b3 Nd7 12. Bb2 Qe7 13. 0-0 Ndf6 14. Nd2 Nxd2 15. Qxd2 Ne4 16. Qc2 Qg5 17. f3 Nf6 18. Rae1 Rae8 19. d5 Nd7 20. f4 Qh6 21. Rf3 Re7 22. Rh3 Qg6 23. Rg3 Qh6 24. Rh3 Qg6 25. Rg3 Qh6 26. Rh3 1/2-1/2

[Event "CUB-ch (Women)"]
[Site "Cienfuegos"]
[Date "2016.02.04"]
[Round "7"]
[White "Marrero Lopez, Yaniet"]
[Black "Gonzalez Ochoa, Yoana"]
[Result "1-0"]
[WhiteElo "2309"]
[BlackElo "2150"]
[PlyCount "101"]
[EventDate "2016.01.29"]
[EventType "tourn"]
[EventRounds "15"]
[EventCountry "CUB"]
[SourceTitle "EXT 2017"]
[Source "ChessBase"]
[SourceDate "2016.10.25"]
[SourceVersion "1"]
[SourceVersionDate "2016.10.25"]
[SourceQuality "1"]

1. e4 e5 2. Nc3 Nc6 3. g3 Bc5 4. Bg2 d6 5. d3 Be6 6. Na4 Bb6 7. Nxb6 axb6 8. Ne2 d5 9. 0-0 dxe4 10. dxe4 Bc4 11. Qxd8+ Rxd8 12. Bf3 Nd4 13. Nxd4 Bxf1 14. Nf5 Bh3 15. Nxg7+ Kf8 16. Nf5 h5 17. b3 f6 18. a4 Kf7 19. Be2 Ne7 20. Bc4+ Ke8 21. Ne3 c6 22. Bb2 Nc8 23. f4 Nd6 24. fxe5 Nxc4 25. Nxc4 fxe5 26. Bxe5 Rf8 27. Bc7 Rd7 28. Bxb6 h4 29. Bc5 Rg8 30. Kf2 hxg3+ 31. hxg3 Rf7+ 32. Ke2 Bg4+ 33. Kd2 Rh7 34. a5 Be6 35. Nd6+ Kd8 36. Bb6+ Ke7 37. Nxb7 Rh2+ 38. Kc1 Bc8 39. Nc5 Rxg3 40. Kb2 Rgg2 41. Rc1 Kf6 42. a6 Bxa6 43. Nxa6 Re2 44. Bd4+ Ke6 45. Nc5+ Ke7 46. b4 Kd6 47. Kb3 Rhg2 48. c3 Rg5 49. Rh1 Reg2 50. Rh7 Rg7 51. Bxg7 1-0